000 01588nab a2200289 a 4500
005 20210219162639.0
008 991125s1985 mx 000 0 spa u
035 _aUPN01000207964
049 _aART
100 1 _aVon Kotze, Astrid
100 1 _uastridvonkotze@gmail.com
100 1 _aMcMillan, Janice
100 1 _ujanice.mcmillan@uct.ac.za
222 0 _aEDUCACION DE ADULTOS Y DESARROLLO
245 0 0 _aCiudadanía mundial para la justicia social :
_bformar a los alumnos de educación superior en el Sur mundial
260 _aBonn, Alemania
300 _a96-101
362 0 _a2015 Número 82
520 _aEl Programa de Ciudadanía Mundial (Global Citizenship Programme - GCP) es un programa voluntario de aprendizaje y desarrollo que se imparte en la Universidad de Ciudad del Cabo, Sudáfrica. En él se desafía a alumnos privilegiados a asumir sus responsabilidades como ciudadanos y se les insta a reflexionar sobre la manera en que pueden contribuir a remediar las enormes desigualdades que se observan en Sudáfrica. ¿Cómo cumplirán su misión en el mundo de manera responsable, respetando a todos los seres vivientes?
653 0 _aCIUDADANIA MUNDIAL
653 0 _aEDUCACION SUPERIOR
653 0 _aESTUDIANTE UNIVERSITARIO
653 0 _aJUSTICIA SOCIAL
653 0 _aSUDAFRICA
856 4 _uhttps://www.dvv-international.de/es/educacion-de-adultos-y-desarrollo/ediciones/ead-822015-la-educacion-para-la-ciudadania-mundial/articulos/global-citizenship-for-social-justice-educating-higher-education-students-in-the-global-south/
905 _aArticulo
999 _c180065
_d180065